Minutes of the Vermont Association : holden at Clarendon, 1796, Middletown, 1797, and Salem, (N.Y.) 1798.

Bibliographic Details
Corporate Author: Vermont Baptist Association
Format: eBook
Language:English
Series:Early American imprints. Evans (1639-1800) ; no. 48793.
Subjects:
Online Access:Evans Digital Edition

MARC

Tag First Indicator Second Indicator Subfields
LEADER 00000cam a22000001a 4500
001 in00002179079
006 m e d #
007 cr mn mmmmabba
008 850613s1799 vtu s 000 0 eng d
005 20260331151431.2
035 |z w016955 
035 |a MAAR8506133011B 
035 |9 mwa91-40125 
035 |a 348236 
035 |a aas03016955 
040 |a MWA  |c MWA  |e bdrb  |d UtOrBLW 
110 2 |a Vermont Baptist Association. 
245 1 0 |a Minutes of the Vermont Association :  |b holden at Clarendon, 1796, Middletown, 1797, and Salem, (N.Y.) 1798. 
264 3 |a Rutland [Vt.] :  |b From the Herald press. [Printed by John Walker, Jun.].,  |c 1799. 
300 |a 12 pages ;  |c 22 cm. 
336 |a text  |b txt  |2 rdacontent 
337 |a computer  |b c  |2 rdamedia 
338 |a online resource  |b cr  |2 rdacarrier 
500 |a Ascribed to the press of John Walker by McCorison. 
510 4 |a Bristol  |c B10709 
510 4 |a Shipton & Mooney  |c 48793 
510 4 |a McCorison, M.A. Vermont,  |c 518 
530 |a Microform version available in the Readex Early American Imprints series. 
533 |a Electronic text and image data.  |b [Chester, Vt. :  |c Readex, a division of Newsbank, Inc.,  |d 2002-2004.  |e Includes files in TIFF, GIF and PDF formats with inclusion of keyword searchable text.  |f (Early American imprints. First series ; no. 48793). 
500 |a Electronic resource. 
650 0 |a Baptists  |z Vermont. 
650 0 |a Baptists  |z New York (State) 
650 0 |a Baptist associations. 
752 |a United States  |b Vermont  |d Rutland. 
830 0 |a Early American imprints.  |n Series I,  |p Evans (1639-1800) ;  |v no. 48793. 
856 4 1 |u http://proxy.library.tamu.edu/login?url=https://opac.newsbank.com/select/evans/48793  |y Evans Digital Edition  |t 0 
999 |a MARS 
999 f f |s f0434fcc-72b2-3060-a7fa-93171bde0d7e  |i 8f9e1438-baa7-38b1-a2d8-53c18211f3d7  |t 0 
952 f f |a Texas A&M University  |b College Station  |c Electronic Resources  |s www_evans  |d Available Online  |t 0  |h No information provided 
998 f f |t 0  |l Available Online